Match the Cereals Quiz Stats

 Plays Quiz Updated Nov 2, 2018

Also try: Cereal in Milk!
Challenge
Share
Tweet
Score 0/15 Timer 01:30
10 Plays Today
% Correct
Special
96.8%
Lucky
96.3%
Rice
95.9%
Froot
95.5%
Cap'n
94.2%
Honey Nut
94.1%
Raisin
92.4%
Apple
91.6%
% Correct
Count
90.6%
Cookie
89.2%
Fiber
86.1%
Corn
85.3%
Reese's
84%
Smart
84%
Grape
82.3%

You're not logged in!

Compare scores with friends on all Sporcle quizzes.
OR
Log In

You Might Also Like...

Show Comments

Extras

Top Quizzes Today


Score Distribution

Your Account Isn't Verified!

In order to create a playlist on Sporcle, you need to verify the email address you used during registration. Go to your Sporcle Settings to finish the process.

Report this User

Report this user for behavior that violates our Community Guidelines.

Details: